Normal view
MARC view
- Romantic fiction.
Entry Topical Term
001 - CONTROL NUMBER
- control field: 42197
003 - CONTROL NUMBER IDENTIFIER
- control field: OSt
005 - DATE AND TIME OF LATEST TRANSACTION
- control field: 20200610133338.0
008 - FIXED-LENGTH DATA ELEMENTS
- fixed length control field: 200610|| aca||aabn | a|a d
040 ## - CATALOGING SOURCE
- Original cataloging agency: OSt
- Transcribing agency: OSt
150 ## - HEADING--TOPICAL TERM
- Topical term or geographic name entry element: Romantic fiction.
670 ## - SOURCE DATA FOUND
- Source citation: Work cat.: (OSt): Mckenzie, Sophie 42196, Casting shadows /, 2013.
